000
00301nam a22001337a 4500
020
_a
978-1-68422-021-2
082
_a
150 JUN
100
_a
Jung, C.G.
245
_a
Psychology of the Unconscious
260
_a
London
_b
Marting Fine Books
_c
2016
300
_a
339
650
_a
Psychology
942
_c
BK
999
_c
20499
_d
20499